|
|
|
|
| LEADER |
00000cam a2200000 7i4500 |
| 001 |
0000008347 |
| 005 |
20161124.0 |
| 020 |
|
|
|a 0414005260
|
| 040 |
|
|
|a INS
|
| 090 |
0 |
0 |
|a KDC817
|b A97 1971
|
| 100 |
0 |
|
|a Mackay, J.P.H
|
| 245 |
0 |
0 |
|a Armour on valuation for rating
|c J.P.H. Mackay, J.J.Cylde, J.A.D.Hope
|
| 250 |
|
|
|a 3rd edition
|
| 260 |
|
|
|a Great Britain :
|b W. Green and Sons Limited ,
|c 1971
|
| 300 |
|
|
|a 616p. ;
|c 24 cm.
|
| 650 |
|
0 |
|a Real property
|x Valuation
|z Scotland
|
| 650 |
0 |
0 |
|a Rating, Tax assessment
|z England
|
| 700 |
1 |
|
|a Cylde, J.J.
|
| 700 |
1 |
|
|a Hope, J.A.D
|
| 999 |
|
|
|a 0000022737
|b BOOK
|c Open Shelf
|e Default branch
|